The finite element method in heat transfer and fluid dynamics
The book consists of 8 chapters: Chapter 1 describes the varied physical phenomena that may be encoutered within the limits of nonisothermal, incompressible, visvous flows. Chapter 2 intriduces the finite element method by application to a simplified, two-dimentional heat conduction problem. Chapter...
Đã lưu trong:
| 主要作者: | |
|---|---|
| 格式: | 圖書 |
| 語言: | Undetermined |
| 出版: |
Boca Raton, Florida
CRC
1994
|
| 主題: | |
| 標簽: |
添加標簽
沒有標簽, 成為第一個標記此記錄!
|
| Thư viện lưu trữ: | Trung tâm Học liệu Trường Đại học Cần Thơ |
|---|
| LEADER | 01539nam a2200205Ia 4500 | ||
|---|---|---|---|
| 001 | CTU_18868 | ||
| 008 | 210402s9999 xx 000 0 und d | ||
| 082 | |a 620.106 | ||
| 082 | |b R313 | ||
| 100 | |a Reddy, Junuthula Narasimha | ||
| 245 | 4 | |a The finite element method in heat transfer and fluid dynamics | |
| 245 | 0 | |c Junuthula Narasimha Reddy (1945-, David K Gartling | |
| 260 | |a Boca Raton, Florida | ||
| 260 | |b CRC | ||
| 260 | |c 1994 | ||
| 520 | |a The book consists of 8 chapters: Chapter 1 describes the varied physical phenomena that may be encoutered within the limits of nonisothermal, incompressible, visvous flows. Chapter 2 intriduces the finite element method by application to a simplified, two-dimentional heat conduction problem. Chapter 3 extends the finite element method to three-dimentions, time dependence, and practical applications in conduction heat transfer. Chapter 4 describes isothermal viscous fluid mechanics formulations. Chapter 5 extends the viscous flow problem to consider convective heat transfer formulations and applications. Chapter 6 covers inelastic non-Newtonian flows and free surface probems. Chapter 7 surveys the complex topic of viscoelastic flow simulation. The last chapter, chapter 8, concludes the text with a survey of several advanced topics, including turbulence modeling | ||
| 650 | |a finite element method,fluid dynamics,heat transmission | ||
| 650 | |x mathematical models,mathematical models | ||
| 904 | |i Minh, 970930 | ||
| 980 | |a Trung tâm Học liệu Trường Đại học Cần Thơ | ||